Resumen del anteproyecto de código de comercio de la República Dominicana. (Registro nro. 48739)
[ vista simple ]
| 000 -CABECERA | |
|---|---|
| campo de control de longitud fija | 00332nam a2200109 a 4500 |
| 005 - FECHA Y HORA DE LA ÚLTIMA TRANSACCIÓN | |
| campo de control | 20201002061755.0 |
| 008 - DATOS DE LONGITUD FIJA--INFORMACIÓN GENERAL | |
| campo de control de longitud fija | 190805s1983 000 spa d |
| 040 ## - FUENTE DE LA CATALOGACIÓN | |
| Centro catalogador/agencia de origen | DO-SdBNP |
| 100 ## - ENTRADA PRINCIPAL--NOMBRE DE PERSONA | |
| Nombre de persona | Bergés, Manuel |
| 9 (RLIN) | 76542 |
| 245 #0 - MENCIÓN DE TÍTULO | |
| Título | Resumen del anteproyecto de código de comercio de la República Dominicana. |
| 260 ## - PUBLICACIÓN, DISTRIBUCIÓN, ETC. | |
| Lugar de publicación, distribución, etc. | Santo Domingo, |
| Fecha de publicación, distribución, etc. | 1983. |
No hay ítems disponibles.
